Issues and Challenges of Development - An Introduction (Record no. 11944)

MARC details
000 -LEADER
fixed length control field 00392nam a22001457a 4500
008 - FIXED-LENGTH DATA ELEMENTS--GENERAL INFORMATION
fixed length control field 220121b ||||| |||| 00| 0 eng d
020 ## - INTERNATIONAL STANDARD BOOK NUMBER
International Standard Book Number 9789386062185
050 ## - LIBRARY OF CONGRESS CALL NUMBER
Classification number HD82
Item number 1
082 ## - DEWEY DECIMAL CLASSIFICATION NUMBER
Classification number 338.9
Item number 1
100 ## - MAIN ENTRY--PERSONAL NAME
Personal name Pattanaik B.K
9 (RLIN) 7518
245 ## - TITLE STATEMENT
Title Issues and Challenges of Development - An Introduction
260 ## - PUBLICATION, DISTRIBUTION, ETC. (IMPRINT)
Place of publication, distribution, etc. New Delhi
Name of publisher, distributor, etc. SAGE Publications
Date of publication, distribution, etc. 2017
300 ## - PHYSICAL DESCRIPTION
Extent 466.P
942 ## - ADDED ENTRY ELEMENTS (KOHA)
Source of classification or shelving scheme Dewey Decimal Classification
Koha item type BOOK
Holdings
Withdrawn status Lost status Source of classification or shelving scheme Damaged status Not for loan Home library Current library Shelving location Date acquired Total Checkouts Full call number Barcode Date last seen Price effective from Koha item type
    Dewey Decimal Classification     Good Samaritan School Library Good Samaritan School Library PSYCHOLOGY 01/21/2022   338.9 1 PAT17223 01/21/2022 01/21/2022 BOOK

Powered by Koha